Songs from the First Line(s) - 2001 - Statistics

General Stats
  • This quiz has been taken 115 times
  • The average score is 13 of 30
Answer Stats
Hint Answer % Correct
Songs Never made it as a wise man / I couldn't cut it as a poor man stealing / Tired of livin' like a blind man Artist(s) Nickelback
73%
Songs Never made it as a wise man / I couldn't cut it as a poor man stealing / Tired of livin' like a blind man Song How You Remind Me
71%
Songs Where's all my soul sistas? / Lemme hear ya'll flow, sistas / Hey sista, go sista, soul sista, flow sista Artist(s) Christina Aguilera / Lil' Kim / Mýa / Pink
68%
Songs I'm comin' up, so you better get this party started / Get this party started on a Saturday night / Artist(s) Pink
62%
Songs Now that she's back in the atmosphere / With drops of Jupiter in her hair / Hey, hey, hey / She acts like summer and walks like rain Song Drops Of Jupiter
61%
Songs Girl, you're my angel, you're my darling angel / Closer than my peeps you are to me, baby Song Angel
58%
Songs I just can't get you out of my head / Boy, your lovin' is all I think about Artist(s) Kylie Minogue
58%
Songs Where's all my soul sistas? / Lemme hear ya'll flow, sistas / Hey sista, go sista, soul sista, flow sista Song Lady Marmalade
58%
Songs Now that she's back in the atmosphere / With drops of Jupiter in her hair / Hey, hey, hey / She acts like summer and walks like rain Artist(s) Train
57%
Songs I just can't get you out of my head / Boy, your lovin' is all I think about Song Can't Get You Out Of My Head
56%
Songs I ain't happy, I'm feeling glad / I got sunshine in a bag / I'm useless but not for long / The future is coming on Artist(s) Gorillaz / Del the Funky Homosapien
55%
Songs Girl, you're my angel, you're my darling angel / Closer than my peeps you are to me, baby Artist(s) Shaggy / Rayvon
52%
Songs I ain't happy, I'm feeling glad / I got sunshine in a bag / I'm useless but not for long / The future is coming on Song Clint Eastwood
51%
Songs It starts with one / One thing I don't know why / It doesn't even matter how hard you try / Keep that in mind, I designed this rhyme Artist(s) Linkin Park
46%
Songs I keep on falling in and outta love with you / Sometimes I love ya, sometimes you make me blue / Sometimes I feel good, at times I feel used Song Fallin'
44%
Songs I keep on falling in and outta love with you / Sometimes I love ya, sometimes you make me blue / Sometimes I feel good, at times I feel used Artist(s) Alicia Keys
43%
Songs It starts with one / One thing I don't know why / It doesn't even matter how hard you try / Keep that in mind, I designed this rhyme Song In The End
43%
Songs I'm comin' up, so you better get this party started / Get this party started on a Saturday night / Song Get The Party Started
39%
Songs Now that you're out of my life I'm so much better / You thought that I'd be weak without you, but I'm stronger Artist(s) Destiny's Child
36%
Songs Would you dance, if I asked you to dance? / Would you run, and never look back? / Would you cry, if you saw me crying? Artist(s) Enrique Iglesias
36%
Songs Now that you're out of my life I'm so much better / You thought that I'd be weak without you, but I'm stronger Song Survivor
33%
Songs Would you dance, if I asked you to dance? / Would you run, and never look back? / Would you cry, if you saw me crying? Song Hero
32%
Songs Lucky you were born that far away so / We could both make fun of distance / Lucky that I love a foreign land for / The lucky fact of your existence Artist(s) Shakira
26%
Songs Let's get it crunk up on / Have fun up on up in this dancery / We got y'all open, now ya floatin' / So you gots to dance for me Artist(s) Mary J Blige
24%
Songs Lucky you were born that far away so / We could both make fun of distance / Lucky that I love a foreign land for / The lucky fact of your existence Song Whenever, Wherever
24%
Songs Let's get it crunk up on / Have fun up on up in this dancery / We got y'all open, now ya floatin' / So you gots to dance for me Song Family Affair
20%
Songs So lately, been wondering / Who will be there to take my place / When I'm gone, you'll need love / To light the shadows on your face Artist(s) The Calling
16%
Songs So lately, been wondering / Who will be there to take my place / When I'm gone, you'll need love / To light the shadows on your face Song Wherever You Will Go
15%
Songs She left without leavin' a number / Said she needed to clear her mind / He figured she'd gone back to Austin Song Austin
13%
Songs She left without leavin' a number / Said she needed to clear her mind / He figured she'd gone back to Austin Artist(s) Blake Shelton
9%
No matching quizzes found
Score Distribution
Percent of People with Each Score
Percentile by Number Answered
Your Score History
You have not taken this quiz